11th Politburo of the Chinese Communist Party (1977-1982) - Statistics

General Stats
  • This quiz has been taken 9 times
  • The average score is 18 of 31
Answer Stats
Picture Hint Answer % Correct
1977-1982 Deng Xiaoping
100%
1977-1982 Hua Guofeng
100%
1978-1982 Hu Yaobang
86%
1977-1982 Li Xiannian
86%
1977-1982 Ye Jianying
86%
1977-1979 (Alternate) | 1979-1982 (Member) Zhao Ziyang
86%
1977-1982 Chen Yonggui
71%
1978-1982 Chen Yun
71%
1978-1982 Deng Yingchao
71%
1979-1982 Peng Zhen
71%
1977-1980 (Resigned) Wang Dongxing
71%
1978-1982 Wang Zhen
71%
1977-1982 Xu Shiyou
71%
1977-1982 Xu Xiangqian
71%
1977-1980 (Resigned) Chen Xilian
57%
1977-1980 (Resigned) Ji Dengkui
57%
1977-1982 Liu Bocheng
57%
1977-1982 Nie Rongzhen
57%
1973-1977 (Alternate) Seypidin Azizi
57%
1977-1982 Ulanhu
57%
1977-1982 Yu Qiuli
57%
1977-1982 Li Desheng
43%
1977-1982 Wei Guoqing
43%
1977-1980 (Resigned) Wu De
43%
1977-1982 (Alternate) Chen Muhua
29%
1977-1982 Fang Yi
29%
1977-1982 Geng Biao
29%
1977-1982 Ni Zhifu
29%
1977-1982 Peng Chong
29%
1977-1979 (Died) Su Zhenhua
29%
1977-1982 Zhang Tingfa
29%
No matching quizzes found
Score Distribution
Percent of People with Each Score
Percentile by Number Answered
Your Score History
You have not taken this quiz